| 000 | 00518nam a2200193 4500 | ||
|---|---|---|---|
| 003 | OSt | ||
| 005 | 20260601171020.0 | ||
| 008 | 260520b\\\\\\\\||||||||\||||\00|\0\eng\d | ||
| 040 |
_aICI _bspa _cICI _erda |
||
| 050 |
_aNA1 _b.D47 |
||
| 100 |
_aBritish Council _eautor |
||
| 245 |
_aDesign & Architecture _bNews/Programme |
||
| 264 |
_aReino Unido _bBritish Council _c2007 |
||
| 300 | _a18 páginas | ||
| 336 |
_2rdacontent _atexto |
||
| 337 |
_2rdamedia _asin medio |
||
| 338 |
_2rdacarrier _avolumen |
||
| 942 |
_2lcc _n1 _cB |
||
| 999 |
_c20868 _d20868 |
||